Представление документа в формате MARC21

ПолеНазваниеЗначение
  Тип записи a
  Библиографический уровень m
001 Контрольный номер RU\infra-m\znanium\bibl\2254356
005 Дата корректировки 20260429142407.6
008 Кодируемые данные 260424s2026 RU g rus u
020 Индекс ISBN __
a ISBN 978-5-16-020737-7
020 Индекс ISBN __
a ISBN 978-5-16-109732-8 (электр. издание)
040 Источник каталогиз. __
a Служба первич. каталог. Общество с ограниченной ответственностью «ЗНАНИУМ»
041 Код языка издания __
a Код языка текста rus
044 Код страны публикации __
a Код страны публикации RU
080 Индекс УДК __
a Индекс УДК 316.356.2(075.8)
084 Индекс другой классификации/Индекс ББК __
2 Источник индекса rubbk
a Индекс другой классификации/Индекс ББК 60.56я73
084 Индекс другой классификации/Индекс ББК __
2 Источник индекса okso
a Индекс другой классификации/Индекс ББК 39.03.01
084 Индекс другой классификации/Индекс ББК __
2 Источник индекса okso
a Индекс другой классификации/Индекс ББК 39.03.02
084 Индекс другой классификации/Индекс ББК __
2 Источник индекса okso
a Индекс другой классификации/Индекс ББК 39.03.03
084 Индекс другой классификации/Индекс ББК __
2 Источник индекса okso
a Индекс другой классификации/Индекс ББК 39.04.02
084 Индекс другой классификации/Индекс ББК __
2 Источник индекса okso
a Индекс другой классификации/Индекс ББК 44.03.01
084 Индекс другой классификации/Индекс ББК __
2 Источник индекса okso
a Индекс другой классификации/Индекс ББК 44.03.02
084 Индекс другой классификации/Индекс ББК __
2 Источник индекса okso
a Индекс другой классификации/Индекс ББК 44.03.03
084 Индекс другой классификации/Индекс ББК __
2 Источник индекса okso
a Индекс другой классификации/Индекс ББК 44.03.04
084 Индекс другой классификации/Индекс ББК __
2 Источник индекса okso
a Индекс другой классификации/Индекс ББК 44.04.03
100 Автор __
a Автор Лукьянова И.Е.
245 Заглавие __
a Заглавие Семьеведение
b Продолж. заглавия Учебное пособие
250 Сведения об издании __
g перераб. и доп.
a Основные сведения об издании 2
260 Выходные данные __
a Место издания Москва
b Издательство ООО "Научно-издательский центр ИНФРА-М"
c Дата издания 2026
300 Физическое описание __
a Объем 242 с.
440 Серия __
a Серия Высшее образование
520 Аннотация __
a Аннотация В учебном пособии рассматриваются правовые основы брачно-семейных отношений жизненный цикл социология и психология семьи а также проблемы семей воспитывающих ребенка с нарушениями развития. Раскрыто разнообразие подходов к семье в социальной работе общей и специальной педагогике и психологии. Содержание учебного пособия соответствует требованиям федеральных государственных образовательных стандартов высшего образования последнего поколения. Для студентов бакалавриата обучающихся по направлениям подготовки «Социология и социальная работа» «Специальное (дефектологическое) образование» магистров аспирантов преподавателей а также социологов психологов педагогов и работников других профессий по работе с семьей.
521 Примеч. о цел. назн. __
a Примеч. о целев. назн. ВО - Бакалавриат
650 Тематические рубрики __
a Основная рубрика Политика. Социология
x Основная подрубрика Прикладная социология
655 Указ. предметных рубрик (устаревшее) __
a Жанр/ форма (устаревшее) Учебное пособие
700 Другие авторы __
a Другие авторы Утенкова С.Н.
q Полное имя Утенкова Светлана Николаевна
u Дополнение Государственный Университет Просвещения
856 Электронный адрес документа 4_
a Имя сервера/домена znanium.ru
m Помощь ebs_support@infra-m.ru
n Местонахождение сервера НИЦ ИНФРА-М
u URL https://znanium.ru/catalog/document?id=482079
856 Электронный адрес документа 48
a Имя сервера/домена znanium.ru
d Путь /cover/2254
f Электронное имя 2254356.jpg
q Тип электронного формата image/jpeg
u URL https://znanium.ru/cover/2254/2254356.jpg
911 __
u 0030=https://znanium.ru/catalog/document?id=482079